000 00493nam a2200193Ia 4500
008 101110s9999 xx 000 0 und d
041 _aENGLISH
082 _bJR1598
100 _aChoudhari D.H., Chopde L.N.
245 _aBook Keeping and Accountancy - XI
365 _b20.25
520 _aCommerce
546 _aENGLISH
630 _aBook Keeping and Accountancy - XI
650 _aCommerce
655 _aCommerce
730 _aBook Keeping and Accountancy - XI
942 _cBOOK
999 _c793870
_d793867